Huntsville City Quiz - Statistics

General Stats
  • This quiz has been taken 18 times
  • The average score is 14 of 30
Answer Stats
Hint Answer % Correct
Huntsville was the first capital of Alabama, How long was it the capital (in years) 1
100%
How many counties is Huntsville located in? 4
93%
In 2017, Huntsville surpassed this city to become the largest city in AL Birmingham
79%
This interstate runs through Huntsville i565
79%
Huntsville's largest suburb has a population of 63,728 and is called Madison
79%
Huntsville is nicknamed the ______ city Rocket
79%
This German-American was one of the main engineers in rocket design Wernher Von Braun
71%
This university has been a historically African American University Alabama A&M
64%
Who was Huntsville named after (hint: he was the first settler) John Hunt
64%
During WW2, this military site was established SW of downtown Redstone Arsenal
64%
People from Huntsville are known as Huntsvillians
57%
The tallest mountain in Huntsville is 1,623 ft high, (495m) Monte Sano
57%
This government branch has large operations in Huntsville and a space center located here. NASA
57%
Huntsville southern boundary contains this major river Tennessee river
57%
and this multifunctional arena was named after the person above Von Braun Center
57%
Out of all American cities, Huntsville ranked as the _ best place to live in 2024 1st
50%
Huntsville's population is roughly (rounded to nearest 10k) 250,000
50%
Electric company that shares the same name as above. It operates the 2nd largest nuclear reactor in the United states Tennessee Valley Authority
29%
Huntsville was founded in what year? 1805
21%
The previously mentioned organization is short for National Aeronautics and Space Administration
21%
The area around Huntsville is commonly known as the Tennessee Valley
21%
Huntsville was originally named for a suburb of London. Twickenham
21%
Huntsville's area in square miles is approximately (as of 2024) 227
14%
How Many fortune 500 companies have operations in Huntsville 51
14%
Known for starting Wikipedia, he is one of Huntsville's most famous residents Jimmy Wales
14%
Large Youtube channel based in Huntsville which has 11.6 million subscribers Smarter Every Day
14%
What park is home to the tallest rocket in the world at 363ft (111m) tall US space and rocket center
14%
Approximately how large is Huntsville's GDP (In billions of $) 41
7%
This large news media company is headquartered in Huntsville AL.com
7%
Huntsville is also known as the ____ city due to its Appalachian geography Cave
7%
No matching quizzes found
Score Distribution
Percent of People with Each Score
Percentile by Number Answered
Your Score History
You have not taken this quiz